טוען...

കുട്ടികളുടെ തൃശൂര്‍പ്പൂരം /

מידע ביבליוגרפי
מחבר ראשי: അക്കിത്തം
מחברים אחרים: Akkitham
פורמט: Printed Book
שפה:English
יצא לאור: തിരുവനന്തപുരം ഹരിതം ബുക്സ്, 2016.
מהדורה:4th ed.
נושאים:
LEADER 00781nam a22001937a 4500
008 180430b xxu||||| |||| 00| 0 eng d
999 |c 22675  |d 22675 
020 |a 9788192826165 
082 |a 808.899282  |b AKK 
100 |a അക്കിത്തം 
240 |a Kuttikalude thrisurpooram 
245 |a കുട്ടികളുടെ തൃശൂര്‍പ്പൂരം /  |c അക്കിത്തം 
250 |a 4th ed. 
260 |a തിരുവനന്തപുരം  |b ഹരിതം ബുക്സ്,  |c 2016. 
300 |a 82p. 
650 |a Childrens literature 
700 |a Akkitham 
942 |2 ddc  |c BK 
952 |0 0  |1 0  |2 ddc  |4 0  |6 808_899282000000000_AKK  |7 0  |9 31288  |a MAIN  |b MAIN  |d 2018-04-30  |e Kerala state book mark  |g 75.00  |o 808.899282 AKK  |p 31239  |r 2018-04-30  |t 1  |w 2018-04-30  |y BK